Ont-ils déjà joué avec... Gary Oldman ? - Statistiques

Statistiques générales
  • Ce quiz a été pris 9 fois
  • Le résultat moyen est 3 sur 10
Answers on the Grid
Answers color-coded by a green-red scale on the quiz's grid according to % correct below.
Scarlett Johansson
Michael Schumacher
Hugh Grant
Olivia Colman
Michael Keaton
Christoph Waltz
Vin Diesel
Renée Zellweger
Pedro Pascal
Elliot Page
Sydney Sweeney
Tom Hardy
Jimmy Carrey
Courtney Love
Christopher Lloyd
Kevin Bacon
Isabella Rossellini
Uma Thurman
Patricia Arquette
Idris Elba
 
Statistiques - réponses
Réponse % Correct
Christopher Lloyd
44%
Uma Thurman
44%
Isabella Rossellini
33%
Michael Keaton
33%
Patricia Arquette
33%
Tom Hardy
33%
Courtney Love
11%
Idris Elba
11%
Jimmy Carrey
11%
Kevin Bacon
11%
Aucun quiz correspondant
Distribution des résultats
% des personnes avec chaque résultat
Percentile par nombre de réponses
Votre historique - résultats
Vous n’avez pas pris ce quiz